The incredible journey. (Record no. 2246)

MARC details
000 -LEADER
fixed length control field 00933cam a22002891 4500
001 - CONTROL NUMBER
control field 2246
003 - CONTROL NUMBER IDENTIFIER
control field FISKH
005 - DATE AND TIME OF LATEST TRANSACTION
control field 20231116085840.0
008 - FIXED-LENGTH DATA ELEMENTS--GENERAL INFORMATION
fixed length control field 730220s1961 maua j 000 1 eng
010 ## - LIBRARY OF CONGRESS CONTROL NUMBER
LC control number 61005313
020 ## - INTERNATIONAL STANDARD BOOK NUMBER
International Standard Book Number 9780340714942
040 ## - CATALOGING SOURCE
Original cataloging agency DLC
Transcribing agency DLC
Modifying agency DLC
Language of cataloging eng
050 00 - LIBRARY OF CONGRESS CALL NUMBER
Classification number PZ10.3.B935
Item number In
082 00 - DEWEY DECIMAL CLASSIFICATION NUMBER
Classification number 813.54
100 1# - MAIN ENTRY--PERSONAL NAME
Personal name Burnford, Sheila
245 14 - TITLE STATEMENT
Title The incredible journey.
Statement of responsibility, etc. Sheila Burnford
250 ## - EDITION STATEMENT
Edition statement 1988
260 ## - PUBLICATION, DISTRIBUTION, ETC.
Place of publication, distribution, etc. London :
Name of publisher, distributor, etc. Hodder Children's books,
Date of publication, distribution, etc. 1960
300 ## - PHYSICAL DESCRIPTION
Extent 117 pages :
Other physical details illustrations ;
Dimensions 20 cm
520 ## - SUMMARY, ETC.
Summary, etc. A Siamese cat, an old bull terrier, and a young Labrador retriever travel together 250 miles through the Canadian wilderness to find their family.
521 8# - TARGET AUDIENCE NOTE
Target audience note 1320 <br/>
Source Lexile <br/>
650 #0 - SUBJECT ADDED ENTRY--TOPICAL TERM
Topical term or geographic name entry element Animals
General subdivision Juvenile fiction.
650 #1 - SUBJECT ADDED ENTRY--TOPICAL TERM
Topical term or geographic name entry element Animals
General subdivision Fiction.
651 #1 - SUBJECT ADDED ENTRY--GEOGRAPHIC NAME
Geographic name Canada
General subdivision Fiction.
906 ## - LOCAL DATA ELEMENT F, LDF (RLIN)
a 7
b cbc
c orignew
d u
e ocip
f 19
g y-gencatlg
942 ## - ADDED ENTRY ELEMENTS (KOHA)
Source of classification or shelving scheme Dewey Decimal Classification
Koha item type Books
Suppress in OPAC No
Holdings
Withdrawn status Lost status Source of classification or shelving scheme Damaged status Not for loan Collection Home library Current library Shelving location Date acquired Total Checkouts Full call number Barcode Date last seen Price effective from Koha item type
    Dewey Decimal Classification     Juvenile Fiction Footprints International School Library Network Toul Kork Campus Footprints International School Library Network Toul Kork Campus   11/13/2023   BUR 813.54 PZ10.B935 FISTKG3B062 11/13/2023 11/13/2023 Books